000
00309nam a22001337a 4500
003
OSt
005
20231127204140.0
008
231127b |||||||| |||| 00| 0 eng d
040
_a
CO-JMCR
_c
CO-JMCR
082
_a
C /
_b
MARm
100
_a
Martín, José,
_e
autor
_9
42960
245
_a
Meñique /
942
_2
ddc
_c
BK
999
_c
30362
_d
16746